000 00976nam a2200301Ia 4500
001 13435
003 IT-RoPAU
008 130308s9999 xx 000 0 und d
040 _aIT-RoPAU
040 _cIT-RoPAU
041 _aITALIANO
100 _aZambetti Sandro
100 _gCodice Aut. SPICS: 3410
245 _aCinema italiano degli anni settanta (Il)
245 _bStoria del Cinema-4-Italia Anni '70 e nuove Cinematografie
250 _a1a ed.
260 _aVENEZIA
260 _bMarsilio
260 _c1981 [1° Ed.:1981 - Ed.Ling.Originale:1981]
300 _a"16 p. (prefazione: no ; testo: 16 [pagine: 12-27])"
500 _aStrutture Pubblico mercato e Associazionismo nel Cinema concorrenza della Televisione Privatizzazione del consumo concentrazione e Diversificazione Area di mercato e Area Sociale
650 _aSTORIA DEL CINEMA
650 _eCodice materia Spics: 6808
942 _cBK
957 _71
999 _c53509
_d53509
999 _bSI
999 _g1